| 000 | 00432nam a2200145Ia 4500 | ||
|---|---|---|---|
| 008 | 230917s9999||||xx |||||||||||||| ||und|| | ||
| 040 |
_e172981 _aMAIN |
||
| 041 | _aEnglish | ||
| 082 | _a891.433711 YR1D | ||
| 100 | _aयादव, रामधनसिहँ | ||
| 245 | 0 | _aदुआ और दवा | |
| 260 |
_aदिल्ली _bसंमार्ग प्रकाशन _c1975 |
||
| 300 | _a158 पृ. p. | ||
| 942 | _cHN | ||
| 999 |
_c144770 _d144770 |
||